000 00400 a2200085 4500
999 _c21381
_d21381
003 WA 310
005 20220404104954.0
008 220404s2005 pl ||||| |||| 00| 0 pol d
020 _a8324361979
040 _aWA 310
_cWA 310
041 _apol
_heng
245 0 0 _aKompatybilność Elektromagnetyczna i Zagadnienia Widma Radiowego (ERM) - Urządzenia sieci telekomunikacyjnej - Wymagania kompatybilności elektromagnetycznej (EMC) =
_bElectromagnetic compatibility and Radio spectrum Matters (ERM) - Telecommunication network equipment - Electromagnetic Compatibility (EMC) requirementso PN-ETSI EN 300 386 V1.3.1:2005P /
_cKT nr 104.
246 1 3 _aPN-ETSI EN 300 386 V1.3.1
246 1 3 _aICS 33.050.10, 33.100.01
246 1 3 _aPolska Norma
260 _aWarszawa :
_bPKN,
_c2005.
300 _a64 strony ;
_c30 cm.
336 _2rdacontent
_aTekst
_btxt
337 _2rdamedia
_aBez urządzenia pośredniczącego
_bn
338 _2rdacarrier
_aWolumin
_bnc
500 _aWprowadza ETSI EN 300 386 V1.3.1:2001, IDT ; Zastępuje PN-ETSI EN 300 386 V1.3.1:2003 (U) ; Zatwierdzona 8 marca 2005 r.
500 _aNorma Europejska ETSI EN 300 386 V1.3.1 2001 ma status Polskiej Normy.
590 _6Status: wycofana.
710 _91107
_aPolska.
_bPolski Komitet Normalizacyjny.
_eInstytucja sprawcza
_eWydawca
920 _a83-243-6197-9
942 _2ddc
_cBK